| 000 | 00469nam a22001937a 4500 | ||
|---|---|---|---|
| 005 | 20230712104802.0 | ||
| 008 | 230712b |||||||| |||| 00| 0 eng d | ||
| 020 | _a9780340816677 | ||
| 082 |
_a618.2 _bOBS |
||
| 100 | _aPhilip;N.Baker | ||
| 245 | _aObstetrics by Ten Teachers | ||
| 250 | _a18th ed. | ||
| 260 |
_aIndia _bBook Power _c2006 |
||
| 300 | _a339 | ||
| 500 | _aInclude Index | ||
| 650 | _a Medical/Obstetrics | ||
| 700 | _aPhilip,N.Baker | ||
| 999 |
_c25927 _d25927 |
||